000 01074nam a2200265 a 4500
001 83866
003 BD-RjUL
005 20240602124112.0
008 240602s2003 bg a|||| m||| 00| 0 eng d
035 _a(BD-RjUL)83866
040 _aBD-RjUL
_beng
_cBD-RjUL
_dBD-RjUL
041 _aeng
082 _223
_a616.0145
_bBEM 2003
100 _aBegum, Shahanara
_913259
245 1 0 _aMicrobiological Study of Pseudomonas Spp. Isolated from Clinical Cases /
_cBy Shahanara Begum ;
_6Supervisor : Parvez Hassan, Supervisor : Nurul Abssr, Supervisor : Jalauddin Ashraful Haq
260 _aRajshahi :
_bInstitute of Biological Sciences, University of Rajshahi,
_c2003
300 _avii, 212 Leaves :
_bill, ;
_c29 cm.
502 _aThesis (Ph. D.) -- Institute of Biological Sciences, University of Rajshahi, 2003
504 _aReferences : Leaves [177]-196
650 _aDiseases
_vMicrobiological
_913260
700 _aHassan, Parvez, Supervisor
_98729
700 _aAbssr, Nurul, Supervisor
_913261
700 _aHaq, Jalauddin Ashrafu, Supervisor
_913262
942 _2ddc
_cTHE
999 _c83866
_d83866